Estrategias de supervivencia en la comunidad Andina

Guardado en:
Bibliografiske detaljer
Institution som forfatter: Centro Andino de Acción Popular
Format: Texto
Udgivet: Quito: CAAP
Tags: Tilføj Tag
Ingen Tags, Vær først til at tagge denne postø!

MARC

LEADER 00000 a a2200000 04500
001 24398
003
040
090 |a 175000  
110 |a Centro Andino de Acción Popular  
245 |a Estrategias de supervivencia en la comunidad Andina  
260 |a Quito:   |b CAAP  
300 |a 287 p; n. 8   |b **no definido**  
999 |c 10670  |d 10670